000 00393nam a22001457a 4500
003 NUST - PNEC
005 20170116181146.0
008 151012b xxu||||| |||| 00| 0 eng d
040 _cLIBRARY
082 _a881.4514 MUS
100 _914975
_aMustansar Hussain Tarar
245 _aKhanabadosh (Urdu)
_cMustansar Hussain Tarar
650 _914976
_aUrdu Literature
_xGeneral
942 _2ddc
_cBK
999 _c70689
_d70689